[Event "Viljandimaa Region-ch"]
[Site "Viljandi"]
[Date "2005.11.27"]
[Round "6"]
[White "Tirol, Tarmo"]
[Black "Elmaste, Gert"]
[Result "1/2-1/2"]
[WhiteElo "1980"]
[BlackElo "2218"]
[PlyCount "54"]
[EventDate "2005.10.29"]
[EventType "tourn"]
[EventRounds "9"]
[EventCountry "EST"]
[SourceTitle "EXT 2018"]
[Source "ChessBase"]
[SourceDate "2017.10.13"]
[SourceVersion "1"]
[SourceVersionDate "2017.10.13"]
[SourceQuality "1"]

1. e4 c6 2. d4 d5 3. Nc3 dxe4 4. Nxe4 Bf5 5. Ng3 Bg6 6. Nf3 Nd7 7. h4 h6 8. h5 Bh7 9. Bd3 Bxd3 10. Qxd3 e6 11. Bf4 Ngf6 12. 0-0-0 Nd5 13. Bd2 Qc7 14. c4 N5f6 15. Ne4 0-0-0 16. g3 Nxe4 17. Qxe4 Nf6 18. Qe2 c5 19. dxc5 Bxc5 20. b4 Be7 21. a3 Nd7 22. Bf4 Qc6 23. Nd4 Qa4 24. Nb5 e5 25. Rxd7 Rxd7 26. Qxe5 Bd6 27. Nxd6+ Rxd6 1/2-1/2

[Event "Viljandimaa Region-ch"]
[Site "Viljandi"]
[Date "2005.11.14"]
[Round "5"]
[White "Vahtra, Tuuli"]
[Black "Tirol, Tarmo"]
[Result "1-0"]
[WhiteElo "2029"]
[BlackElo "1980"]
[PlyCount "81"]
[EventDate "2005.10.29"]
[EventType "tourn"]
[EventRounds "9"]
[EventCountry "EST"]
[SourceTitle "EXT 2018"]
[Source "ChessBase"]
[SourceDate "2017.10.13"]
[SourceVersion "1"]
[SourceVersionDate "2017.10.13"]
[SourceQuality "1"]

1. c4 c5 2. Nf3 Nf6 3. d4 cxd4 4. Nxd4 d5 5. cxd5 Nxd5 6. e4 Nb6 7. Bb5+ Bd7 8. 0-0 e6 9. Nc3 Bb4 10. Qg4 Qf6 11. e5 Qg6 12. Qf3 0-0 13. Bd3 f5 14. exf6 Qxf6 15. Qe4 Bd6 16. Qxh7+ Kf7 17. Qh5+ g6 18. Qh7+ Ke8 19. Qxg6+ Qxg6 20. Bxg6+ Kd8 21. Rd1 Rh8 22. Nxe6+ Ke7 23. Nf4 Nc6 24. Ncd5+ Nxd5 25. Nxd5+ Ke6 26. f4 Nd4 27. Be3 Nf5 28. Bxf5+ Kxf5 29. Nc7 Rac8 30. Rxd6 Rxc7 31. Rad1 Be6 32. g4+ Kxg4 33. Rxe6 Rg8 34. Kf2 Rh8 35. Rg6+ Kf5 36. Rg5+ Ke6 37. Rg2 Rh3 38. Re1 Kf5 39. Rg5+ Kf6 40. Bd4+ Kf7 41. Rg7+ 1-0

[Event "Viljandimaa Region-ch"]
[Site "Viljandi"]
[Date "2005.10.29"]
[Round "1"]
[White "Tirol, Tarmo"]
[Black "Kolk, Marek"]
[Result "1-0"]
[WhiteElo "1980"]
[BlackElo "2152"]
[PlyCount "108"]
[EventDate "2005.10.29"]
[EventType "tourn"]
[EventRounds "9"]
[EventCountry "EST"]
[SourceTitle "EXT 2018"]
[Source "ChessBase"]
[SourceDate "2017.10.13"]
[SourceVersion "1"]
[SourceVersionDate "2017.10.13"]
[SourceQuality "1"]

1. e4 c5 2. Nf3 Nc6 3. d4 cxd4 4. Nxd4 Nf6 5. Nc3 d6 6. Be2 g6 7. Be3 Bg7 8. Qd2 Ng4 9. Bxg4 Bxg4 10. f3 Bd7 11. Nxc6 bxc6 12. Bd4 0-0 13. Bxg7 Kxg7 14. Qd4+ Kg8 15. 0-0 Rb8 16. b3 Qa5 17. Nd1 c5 18. Qf2 c4 19. Ne3 Be6 20. Kh1 Qc5 21. Rfe1 a5 22. f4 f5 23. exf5 Rxf5 24. Qh4 Rf7 25. h3 cxb3 26. axb3 Rb4 27. Qg5 Qxg5 28. fxg5 Rb5 29. h4 Re5 30. Kg1 Rf4 31. g3 Rf3 32. Nf1 Bh3 33. Rxe5 dxe5 34. Nd2 Rxg3+ 35. Kf2 Rg2+ 36. Ke3 Kf7 37. c4 Ke6 38. Rxa5 Rg3+ 39. Kf2 Rg2+ 40. Ke3 Rg3+ 41. Kf2 Rg2+ 42. Ke3 Kf5 43. Nf3 Rb2 44. Rxe5+ Kg4 45. Re4+ Kg3 46. Nd2 Bf5 47. Rxe7 Kxh4 48. Rxh7+ Kxg5 49. c5 Be6 50. Re7 Bxb3 51. Rb7 Rc2 52. Rxb3 Rxc5 53. Ne4+ Kf5 54. Nxc5 g5 1-0